| 000 | 01001nam a22002657a 4500 | ||
|---|---|---|---|
| 999 |
_c9741 _d9741 |
||
| 003 | AR-CdUCM | ||
| 008 | 190328b ||||| |||| 00| 0 spa d | ||
| 040 |
_aMUNICIPALIDAD PROVINCIAL DEL CUSCO _cBIBLIOTECA MUNICIPAL DEL CUSCO |
||
| 082 |
_a909 / _bG57 / 1932 |
||
| 100 |
_aGoetz, Walter _926158 |
||
| 245 | _aLa Época de la revolución religiosa, La reforma y la contrarreforma ( 1500.1660 ) / | ||
| 260 |
_aMadrid : _bEspasa Calpe, _c1932. |
||
| 300 |
_a708 paginas ; _bilustraciones, retratos, _c25 cm. |
||
| 440 |
_aHistoria Universal _n5 _926159 |
||
| 505 | _aContenido: t.5: L aepoca de la reforma -- la contrarreforma en europa occidental -- la contrarreforma en Alemania -- Cuarenta años de guerra europea | ||
| 650 |
_aContrareforma _926160 |
||
| 650 |
_aGuerra _91007 |
||
| 650 |
_aLiteratura _983 |
||
| 650 |
_aConflicto _94870 |
||
| 700 |
_aJoachimsen, Paul _926161 |
||
| 700 |
_aMarcks, Erich _926162 |
||
| 700 |
_aMommsen, Wilhelm _926163 |
||
| 942 |
_2ddc _cLIBROS |
||
| 945 | _apjha | ||